| 000 | 01390cam a2200397 a 4500 | ||
|---|---|---|---|
| 001 | 2630252 | ||
| 003 | OSt | ||
| 005 | 20160623115559.0 | ||
| 008 | 990413s2000 nyua c 000 1 eng | ||
| 010 | _a 99023451 | ||
| 020 | _a0060282452 (lib. bdg.) | ||
| 020 | _a0064407551 (pbk.) | ||
| 035 | _a(DLC) 99023451 | ||
| 040 |
_aDLC _cDLC _dDLC |
||
| 042 | _alcac | ||
| 050 | 0 | 0 |
_aPZ 7 _b.El42845Gh 2000 |
| 082 | 0 | 0 |
_aKF _bEl5g 2000 |
| 100 | 1 |
_aEllerbee, Linda. _95823 |
|
| 245 | 1 | 0 |
_aGirl reporter blows lid off town! / _cLinda Ellerbee. |
| 250 | _a1st ed. | ||
| 260 |
_aNew York : _bAvon Books, _c2000. |
||
| 300 |
_a195 p. : _bill. ; _c20 cm. |
||
| 490 | 1 |
_aGet real ; _v#1 |
|
| 520 | _aCasey Smith, an intrepid eleven-year-old journalist, revives her middle school's defunct newspaper and investigates what looks like an environmental pollution cover-up at the local paper mill. | ||
| 562 | _e1 | ||
| 650 | 1 |
_aJournalism _vFiction. _95824 |
|
| 650 | 1 |
_aNewspapers _vFiction. _95825 |
|
| 650 | 1 |
_aSchools _vFiction. _95826 |
|
| 650 | 1 |
_aPollution _vFiction. _95827 |
|
| 800 | 1 |
_aEllerbee, Linda. _tGet real ; _v#1. _95828 |
|
| 906 |
_a7 _bcbc _corignew _d1 _eocip _f19 _gy-gencatlg |
||
| 942 |
_2lcc _cBK |
||
| 999 |
_c8114 _d8114 |
||